[Event "Match 81__120'/40"]
[Site "Zürich"]
[Date "2025.??.??"]
[Round "43"]
[White "Scorpio 68000 sel. 4"]
[Black "Fidelity Excel Mach III"]
[Result "0-1"]
[Annotator "Utzinger,K"]
[WhiteElo "2043"]
[BlackElo "2020"]
[PlyCount "99"]
[EventDate "2025.??.??"]

{[%evp 0,99,25,25,18,18,39,39,37,12,2,8,26,38,40,20,18,18,16,26,45,-8,-6,-54,-54,-40,-51,-37,-37,-76,-69,-77,-78,-84,-64,-75,-72,-71,-77,-84,-19,-80,-81,-81,-81,-87,-97,-102,-103,-112,-113,-117,-106,-219,-100,-135,-127,-135,-139,-161,-151,-144,-147,-161,-155,-163,-160,-288,-334,-378,-403,-427,-408,-459,-459,-463,-477,-488,-484,-488,-466,-532,-565,-573,-574,-577,-584,-591,-609,-674,-701,-827,-839,-839,-849,-932,-936,-936,-959,-962,-962,-1392]} 1. d4 Nf6 {Match 120'/40 | Bediener: Rolf Bühler | Kommentator: Kurt Utzinger | 43. Partie: Schwarz (Mach) gewinnt | Zwischenstand: 23-20 (53,4%) für Mach III | Stand hypothetisch: 24-19 (55,8%) für Mach III | Eröffnung: Königsindisch, Jugoslawische Variante | Buchzüge: 5 von Scorpio, 7 von Mach III | Partieverlauf: Im 20. Zug begeht der Scorpio 68000 sel. 4 einen Fehler, der Bauernverlust zur Folge hat. Entschieden wird die Partie dann einmal mehr im Endspiel, weil das Kittinger Programm die rettende Kraft der ungleichfarbigen Läufer nicht nutzen konnte.} 2. Nf3 g6 3. c4 Bg7 4. g3 O-O 5. Bg2 {***ENDE BUCH***} d6 6. Nc3 c5 7. dxc5 dxc5 {***ENDE BUCH***} 8. O-O Nc6 9. Be3 Be6 10. Bxc5 Qa5 11. b4 {Eine spielbare Fortsetzung anstelle der üblicheren Züge 11.Le3 oder 11.Le3.} (11. Be3 Bxc4 12. Nd4 Qa6 $5 13. b3 Rfd8 $11) (11. Ba3 Bxc4 12. Nd2 Be6 13. Qa4 Qxa4 14. Nxa4 $11 {½- (78) ½ (78) Plat,V (2546)-Jones,G (2626) Germany 2022}) 11... Nxb4 12. Bxe7 Rfe8 13. Bxf6 (13. Bxb4 Qxb4 14. Nd5 (14. Qb3 a5 $11) 14... Qa5 $1 $11) 13... Bxf6 14. Rc1 $2 $17 {Ungenau und für Schwarz vorteilhaft.} (14. Qb3 Rac8 15. Nd2 Nc6 16. Rac1 $11) (14. Ne4 $5 Bg7 (14... Bxa1 $2 15. Qxa1 $18) 15. Rb1 Bxc4 $11) 14... Nxa2 $1 15. Nxa2 Qxa2 16. Qd2 Qxd2 17. Nxd2 $17 {Das schwarze Läuferpaar und sein Freibauer auf der a-Linie sowie der schwache weisse c4-Bauer sind klare Vorteile für Schwarz.} Rad8 $2 $11 {Der Mach III macht seinen Vorteil auf einen Schlag kaputt. Dieser Turm musste natürlich auf der a-Linie bleiben, um seinen Freibauern zu unterstützen. Deshalb waren 17...a5 oder 17...Teb8 starke Fortsetzungen.} 18. Ne4 Be7 19. c5 $1 Bd5 20. Rfe1 $2 {Das erlaubt dem Gegner, einen Bauern zu erobern mit zwar geringen Gewinnchancen, aber auf Stufe Oldie ist das vielfach gefährlich.} ({Sinnvoller war} 20. Rc2 {um Tf1-a1 oder Tfb1 folgen zu lassen mit Druck auf den gegnerischen Damenflügel. Ausserdem werden der Bauer e2 und das Feld d2 überdeckt.}) 20... Bxe4 21. Bxe4 Bxc5 22. Bxb7 (22. Rxc5 Rxe4 23. Rc7 Rb4 {mag objektiv für Weiss zu halten sein, aber kann dem Weissen angesichts der verbundenen schwarzen Freibauern grosse Probleme bereiten.}) 22... Bb4 23. Rf1 {Ein besserer Versuch war es, noch ein Turmpaar zu tauschen. Das würde die Verteidigung für Weiss massgeblich vereinfachen.} (23. Red1 Rxd1+ 24. Rxd1 Rxe2 25. Kf1 Re7 26. Bc6 {und dieses Endspiel mit ungleichfarbigen Läufern ist für Weiss haltbar.}) 23... Rxe2 24. Kg2 a5 25. Bf3 Red2 $11 {[#]} 26. Rc6 $2 $19 {[%mdl 32768] ***VERLUSTZUG*** weil der Bauernvorstoss a5-a4 gestattet wird. Sowohl 26.Tfd1 als auch 26.Tc4 halten die Stellung.} (26. Rfd1 $1 Kg7 (26... Rxd1 27. Rxd1 Rxd1 28. Bxd1 $11) 27. Rxd2 Rxd2 28. Bc6 Ra2 29. Bd5 Rd2 30. Bc6 Kf6 31. Ba4 Ke5 32. Rc2 Rd4 33. h4) (26. Rc4 Ra2 27. Rd1 $11) 26... Rb2 $2 $11 {Vergibt den möglichen Sieg.} ({Stockfish 17.1:} 26... a4 {-4.53(0%)/50} 27. Rb1 R8d4 28. Re1 Rb2 29. Rb6 a3 30. Re2 Kg7 31. Rb7 g5 32. h3 Rxe2 33. Bxe2 Bc5 34. Rb5 Ra4 35. Bd1 a2 36. Bxa4 Be7 37. Rf5 a1=Q 38. Bb3 f6 39. Rf3 Qa8 40. Bc2 Qd5 41. Bd3 Bc5 42. g4 Bd6 43. Bf5 h5 44. Bd3 Qe5 45. Kf1 Qh2 46. gxh5 Qh1+ 47. Ke2 Qa1 48. Bg6 Bc5 49. Bf5 Kh6 50. Bg4 Bd4 51. Rf5 (51. Bf5 {[%eval -453,50] [%wdl 0,0,1000]}) 51... Kg7 52. Rf3 Qa6+ 53. Ke1 Qc4 54. Kd2 Qf1 55. Bf5 Bxf2 56. Bg4 Qe1+ 57. Kd3 Qd1+ 58. Kc3 Qd4+ 59. Kc2 Be3 {und Matt in 26}) 27. Bd1 $2 $19 {***VERLIERT*** wieder.} (27. Rd1 $1 $11) 27... Rdd2 28. Ba4 Bd6 29. Kf3 h5 30. Ra6 Bc7 31. Ke3 g5 32. Bd1 g4 33. Ra8+ Kg7 34. Ra6 Rd8 {Mit der unabwendbaren Drohung ...Lb6+, wonach der f2-Bauer fällt, bzw. schwarzem Mattangriff gegen den unglücklich stehenden weissen König.} 35. h3 Bb6+ 36. Rxb6 {Erzwungen, der Rest ist für den Mach III einfach.} (36. Kf4 Rb4+ 37. Kg5 (37. Kf5 Rd5#) 37... Rd5+ 38. Kh4 Bd8+ 39. Rf6 Bxf6#) 36... Rxb6 37. hxg4 Rb1 38. Be2 Rb3+ 39. Kf4 Re8 40. Bd1 Rb4+ 41. Kf3 hxg4+ 42. Kg2 a4 43. Bc2 Re2 44. Bd3 Rd2 45. Ba6 a3 46. Ra1 a2 47. Bd3 Rbb2 48. Bc4 Rxf2+ 49. Kg1 f5 50. Bxa2 {***AUFGEGEBEN***} ({PROMENADE-bmi2:} 50. Bxa2 Rxa2 51. Rc1 Kf6 52. Rc6+ Kg5 53. Rd6 Rfd2 54. Rxd2 Rxd2 55. Kf1 f4 56. Ke1 Ra2 57. Kf1 fxg3 58. Kg1 Kh4 59. Kf1 Kh3 60. Ke1 g2 61. Kd1 g1=Q# {[%eval -32743,53] [%wdl 0,0,1000]}) 0-1

[Event "Match 81__120'/40"]
[Site "Zürich"]
[Date "2025.??.??"]
[Round "44"]
[White "Fidelity Excel Mach III"]
[Black "Scorpio 68000 sel. 4"]
[Result "0-1"]
[Annotator "Utzinger,K"]
[WhiteElo "2020"]
[BlackElo "2043"]
[PlyCount "145"]
[EventDate "2025.??.??"]

{[%evp 0,145,25,16,59,70,77,32,50,50,42,44,38,36,23,26,25,40,33,33,34,34,36,20,21,9,6,-1,-3,-3,13,0,0,-6,-1,-11,9,-35,0,-32,-22,-15,15,19,24,24,33,34,35,28,38,39,33,31,45,33,43,51,41,35,28,12,13,10,42,52,62,-19,0,2,0,0,0,0,0,0,0,-52,-58,-50,-68,-66,-90,-92,-86,-115,-92,-120,-114,-119,-112,-115,-114,-141,-131,-153,-157,-175,-139,-178,-171,-182,-170,-161,-162,-155,-155,-197,-197,-213,-209,-230,-236,-262,-263,-246,-244,-246,-244,-244,-246,-246,-240,-337,-268,-273,-344,-338,-408,-408,-400,-509,-534,-584,-584,-754,-828,-958,-976,-1028,-1456,-1423,-1375,-1433,-1631,-1765,-1834,-1863]} 1. e4 c6 {Match 120'/40 | Bediener: Rolf Bühler | Kommentator: Kurt Utzinger | 44. Partie: Schwarz (Scorpio) gewinnt | Zwischenstand: 23-21 (52,2%) für Mach III | Stand hypothetisch: 25-19 (56,8%) für Mach III | Eröffnung: Caro Kann Verteidigung, Capablanca System | Buchzüge: 14 von Scorpio, 15 von Mach III | Partieverlauf: In einem abwechslungsreichen Kampf stolpert Schwarz (Scorpio) zuerst in eine verlorene Stellung, kann das aber ebenso wenig erkennen wie der Gegner, dem es nicht gelingt, dafür adäquat zu reagieren. Es entsteht schliesslich ein ausgeglichenes Endspiel. Und hier beginnt der Mach III zu patzen und muss eine verdiente Niederlage hinnehmen.} 2. d4 d5 3. Nc3 dxe4 4. Nxe4 Bf5 5. Ng3 Bg6 6. h4 h6 7. Nf3 Nd7 8. h5 Bh7 9. Bd3 Bxd3 10. Qxd3 Qc7 11. Bd2 e6 12. Qe2 Ngf6 13. c4 Bd6 14. Nf5 Bf4 {***ENDE BUCH***} 15. Bxf4 {***ENDE BUCH***} Qa5+ {Das ist ein falscher Ansatz. Schwarz holt den Sf5 statt den Lf4 ab.} (15... Qxf4 16. Ne3 c5 17. Nd5 Nxd5 18. cxd5 O-O 19. dxe6 Rfe8 20. O-O Rxe6 21. Qb5 Qc7 22. Rac1 a6 23. Qb3 b6 24. Rfe1 Rxe1+ 25. Rxe1 Nf6 26. Qc4 Rc8 27. Qxa6 cxd4 28. Nxd4 Rd8 29. Nf3 {½-½ (30) Tal,M (2625)-Portisch,L (2630) Bugojno 1978}) 16. Bd2 Qxf5 17. Rh4 $1 {Verhindert ...Sxh5 wegen der Gabel g4 und bereitet nach der langen Rochade den Angriffszug g2-g4 vor.} O-O $2 {Mit der kurzen Rochade lässt sich Schwarz auf eine gefährliches Abenteuer ein.} 18. Rc1 $2 {Statt lang zu rochieren, lässt Weiss seinen König in der Mitte stehen. Mit diesem Vorgehen, kann er sich einen Angriff am Königsflügel abschminken.} Rad8 19. Ne5 Nxe5 20. Qxe5 {Erzwungen, um nicht in eine miserable Stellung zu geraten.} (20. dxe5 $2 Nd7 21. f4 $2 {Selbst damit kann der Verlust des e5-Bauern nicht verhindert werden.} Nc5 $19 {Schwarz steht auf Gewinn.}) 20... Qxe5+ $6 {Besser fährt Schwarz mit 20...Tfe8 ohne diesen Tausch.} 21. dxe5 Nd7 22. Bc3 $11 {Nun befindet sich die Stellung wieder im Gleichgewicht.} f6 {Auch das ist nicht das Gelbe vom Ei, handelt sich Schwarz doch einen isolierten Bauern ein. Vernünftiger sieht jedenfalls 27...c5 aus, was das Feld d4 unter Kontrolle nimmt und die Wirkung des dunkelfarbigen Läufers einschränkt.} 23. exf6 Nxf6 24. Rc2 b6 $6 {Prophylaxe mit 24...Tde8 ist besser.} 25. f3 {Und hier verdient 25.Te2 den Vorzug.} Kf7 26. Ke2 Rd7 27. Rd2 Rfd8 28. Rxd7+ Rxd7 29. Rh1 {Richtig: Weiss kann nach Schutz des Bauern h5 mit g2-g4, seinen Turm wieder ins Spiel bringen.} b5 30. b3 bxc4 31. bxc4 {Immer noch Gleichstand dank des Umstandes, dass der schwarze Turm auf seinen offenen Linien nirgend Einbruchsfelder finden kann.} Rb7 32. Ke3 {[#]} Rb6 $2 $18 {[%mdl 2] ***VERLUST*** Hier steht der Turm nicht gut. Nach dem Textzug postuliert Stockfish 17.1, dass Weiss entscheidenden Vorteil hat. Hingegen bliebe nach 32...c5 oder 32...Sd7 alles im Lot. Für unsere Oldies sind das aber unerreichbare Gedankengänge.} ({PROMENADE-bmi2: 1)} 32... c5 {0.12(50%)/50} 33. a4 e5 34. a5 Ke6 35. Re1 Nxh5 36. Kf2 Nf4 37. Rxe5+ Kd6 38. Rf5 Ne6 39. Ke3 Rb3 40. Kd3 Ke7 41. Re5 g6 42. f4 Kd6 43. Re3 Rb1 44. Ke4 Rc1 45. Rg3 Ke7 46. Kd5 Nxf4+ 47. Kc6 h5 48. Re3+ Ne6 49. g3 Rd1 50. Be5 Nd8+ 51. Kc7 Ne6+ 52. Kb7 Kd7 53. Kxa7 Rb1 54. Rd3+ Nd4 55. Bxd4 cxd4 56. Rxd4+ Kc6 57. Rd5 Rb7+ 58. Ka6 Rb4 59. Re5 Ra4 60. Ka7 Rxc4 {[%eval 12,50] [%wdl 8,990,2]}) ({PROMENADE-bmi2: 2)} 32... Nd7 {0.49(53%)/50} 33. Rd1 c5 34. Rd6 Nb6 35. Kd3 Ke7 36. Rc6 Rd7+ 37. Ke4 Kf7 38. g4 Nxc4 39. Rxc5 Nb6 40. Ra5 Nd5 41. Ba1 g6 42. hxg6+ Kxg6 43. Ra6 Kf7 44. Be5 Nb4 45. Ra4 Nd5 46. a3 Nf6+ 47. Kf4 Kg6 48. Ra6 Nd5+ 49. Kg3 Nb6 50. a4 h5 51. a5 Nc4 52. Rc6 Nxe5 53. Rxe6+ Kf7 54. Rxe5 hxg4 55. Kxg4 Kf6 56. Rc5 Rd4+ 57. Kh3 Rd3 58. Kg3 Rd6 59. Kf4 Re6 60. Kg4 Ra6 61. Kh4 Re6 62. Kh3 Kg6 63. Kg4 Rd6 64. f4 Kf6 65. Kf3 Kg6 66. Rb5 Rc6 67. Ke4 Ra6 68. Ke3 Rd6 {[%eval 49,50] [%wdl 56,944,0]}) 33. Rh2 $2 $11 {Der Mach III verpasst den möglichen Sieg.} ({Stockfish 17.1:} 33. g4 {2.93(100%)/42} c5 34. a4 Rb3 35. Kd3 e5 36. a5 e4+ 37. fxe4 Nxg4 38. Kc2 Rb7 39. Rg1 Nf6 40. Rf1 Ke6 41. Rf5 Rc7 42. Kd3 Ne8 43. Ba1 Rc6 44. Bb2 Nf6 45. Ke3 Rc8 46. Kf4 Rc7 47. Bc3 Ne8 48. Rd5 Rf7+ 49. Ke3 Rc7 50. Be5 Rc6 51. Rd8 Ke7 52. Rb8 g6 53. Ra8 gxh5 54. Rxa7+ Kd8 55. Bg3 Kc8 56. Re7 Kd8 57. Bh4 Nc7 58. Re5+ Kd7 59. Rxh5 Rg6 60. Rxc5 Rg1 61. Re5 Ra1 62. Re7+ Kd6 63. Rh7 Ra3+ 64. Kd2 {[%eval 293,42] [%wdl 1000,0,0]}) 33... Rb1 34. Bd4 Nd7 35. g3 e5 36. Bc3 Ke6 37. Re2 Rc1 38. Kd2 Rh1 39. f4 Rxh5 40. Bd4 c5 {[#]} 41. Bc3 $2 {[%mdl 32768] Einfach 41.g4 mit Übergang zu einem remislichen Turmendspiel. Aber der Mach III hat es meistens gerne etwas komplizierter. Hier gerät er wieder in eine schlechtere und verlustträchtige Stellung.} (41. g4 Rh4 42. Bxe5 Nxe5 43. Rxe5+ Kd6 44. Rd5+ Kc6 45. g5 Rxf4 46. gxh6 gxh6 47. Rh5 Rxc4 48. Rxh6+ Kb5 49. Rh5 (49. a3 Ra4 50. Rh3 $11) 49... a5 50. Rh3 Kb4 51. Rb3+ Ka4 52. Rh3 $11) 41... Rf5 42. a3 {Mach III Bewertung: -0.75, Tiefe 7-18 (h5)} Kd6 {[#]} 43. fxe5+ {[%mdl 32768] Das ***VERLIERT** gemäss meiner Engine, die folgende Bewertung ausgibt: -+ (-3.25) (0% +0% =0% -100%) Tiefe: 43/71. Der Mach III zeigt -0.78, Tiefe 8-7 (Sxe5).} ({PROMENADE-bmi2:} 43. Ke3 {-1.81(1%)/46} h5 44. Ke4 Ke6 45. Bd2 Rf7 46. Kf3 g5 47. Re1 Rf5 48. Kg2 g4 49. Bc3 Ke7 50. Bd2 Kf7 51. Kg1 Nf8 52. Rxe5 Rxe5 53. fxe5 Nd7 54. Kf1 Nxe5 55. Be3 Nxc4 56. Bxc5 a6 57. Ke2 Ke6 58. Kd3 Kd5 59. Be7 a5 60. Bd8 a4 61. Be7 Nd6 62. Bg5 Ke6 63. Bc1 Nf5 64. Bf4 Kd5 65. Bc7 Nd6 66. Bd8 Ke6 67. Bg5 Nb5 68. Bc1 Kd5 69. Bb2 Nd6 70. Bc3 Nc4 71. Bb4 Ne5+ 72. Ke3 Nc6 73. Bc3 Kc4 74. Bg7 Na7 75. Bh6 Kb3 76. Bf8 {[%eval -181,46] [%wdl 0,11,989]}) 43... Nxe5 44. Re4 g6 $6 {Minimiert den schwarzen Vorteil, weshalb 44...h5 -+ kräftiger war.} 45. Ke2 $6 {Mehr Widerstand leistet 45.g4 usw. Die Bewertung von Mach III zeigt: -1.07, Tiefe 7-8 (h5)} h5 $1 46. Be1 Ng4 47. Bd2 Rf2+ 48. Ke1 Rf3 49. a4 Ra3 50. a5 Kd7 51. Bg5 {Noch am besten.} Rxa5 52. Re7+ Kd6 53. Rg7 Ke5 54. Rxg6 Kd4 55. Rg7 Ra2 56. Rh7 Kd3 $1 {Gewinnt wegen der Mattdrohung ...Ta1# ein Tempo für die Eroberung des c4-Bauern.} 57. Rd7+ (57. Kf1 $2 Nh2+ 58. Ke1 Nf3+ 59. Kd1 Nxg5 $19) 57... Kxc4 58. Rh7 Kd3 59. Rd7+ Ke4 60. Rh7 c4 61. Rd7 (61. Rxh5 Kd3 62. Bc1 Ra1 63. Rd5+ Kc2 $19) 61... Ne5 62. Re7 c3 63. Bf4 Kf3 {Droht wieder Matt auf der Grundlinie.} 64. Kd1 Ng4 65. Kc1 h4 {Schwarz macht nun kurzen Prozess. Der Bauer darf nicht geschlagen werden, weil der Lf4 fallen würde.} 66. Rf7 h3 67. Kb1 Rb2+ 68. Ka1 h2 69. Be5+ Kg2 70. Bxc3 Rb6 71. Rh7 Nh6 72. Re7 h1=Q+ 73. Re1 {***AUFGEGEBEN***} 0-1